[Event "Deutsche Ländermeisterschaft 2025"]
[Site "Oer-Erkenschwick GER"]
[Date "2025.10.03"]
[Round "5"]
[White "Allen, Phillipp"]
[Black "Färber, Anna"]
[Result "1-0"]
[Termination "normal"]
[Board "4.6"]
[WhiteElo "1864"]
[BlackElo "1780"]
[WhiteClock "00:36:57"]
[BlackClock "00:25:22"]
[WhiteTeam "Nordrhein-Westfalen 2"]
[BlackTeam "Baden"]
[PlyCount "95"]
[WhiteFideId "16272846"]
[BlackFideId "34633480"]
[EventCountry "GER"]
[EventRounds "7"]
[EventType "team-swiss"]
[EventDate "2025.09.30"]

1. d4 {[%clk 01:30:59]} {[%emt 00:00:01]} Nf6 {[%clk 01:30:55]} {[%emt
00:00:05]} 2. c4 {[%clk 01:31:25]} {[%emt 00:00:04]} g6 {[%clk 01:31:21]}
{[%emt 00:00:04]} 3. Nf3 {[%clk 01:31:51]} {[%emt 00:00:04]} Bg7 {[%clk
01:31:41]} {[%emt 00:00:09]} 4. Nc3 {[%clk 01:32:17]} {[%emt 00:00:05]} O-O
{[%clk 01:32:04]} {[%emt 00:00:06]} 5. e4 {[%clk 01:32:45]} {[%emt 00:00:04]}
d6 {[%clk 01:32:27]} {[%emt 00:00:06]} 6. Be2 {[%clk 01:33:10]} {[%emt
00:00:05]} e5 {[%clk 01:32:45]} {[%emt 00:00:11]} 7. Be3 {[%clk 01:33:31]}
{[%emt 00:00:09]} Ng4 {[%clk 01:32:57]} {[%emt 00:00:18]} 8. Bg5 {[%clk
01:33:57]} {[%emt 00:00:05]} f6 {[%clk 01:33:20]} {[%emt 00:00:07]} 9. Bc1
{[%clk 01:34:23]} {[%emt 00:00:04]} Nc6 {[%clk 01:33:39]} {[%emt 00:00:11]} 10.
d5 {[%clk 01:34:40]} {[%emt 00:00:14]} Nd4 {[%clk 01:33:53]} {[%emt 00:00:16]}
11. h3 {[%clk 01:30:24]} {[%emt 00:04:45]} Nxe2 {[%clk 01:27:39]} {[%emt
00:06:45]} 12. Qxe2 {[%clk 01:29:47]} {[%emt 00:01:07]} Nh6 {[%clk 01:27:40]}
{[%emt 00:00:29]} 13. Bd2 {[%clk 01:24:53]} {[%emt 00:05:24]} a5 {[%clk
01:23:54]} {[%emt 00:04:15]} 14. O-O-O {[%clk 01:23:46]} {[%emt 00:01:38]} f5
{[%clk 01:21:16]} {[%emt 00:03:08]} 15. Bg5 {[%clk 01:08:55]} {[%emt 00:15:21]}
Qd7 {[%clk 01:16:43]} {[%emt 00:05:03]} 16. Be3 {[%clk 01:05:04]} {[%emt
00:04:21]} Nf7 {[%clk 01:13:20]} {[%emt 00:03:52]} 17. Ne1 {[%clk 00:56:26]}
{[%emt 00:09:09]} Qe7 {[%clk 01:08:08]} {[%emt 00:05:42]} 18. f3 {[%clk
00:55:30]} {[%emt 00:01:27]} f4 {[%clk 01:06:58]} {[%emt 00:01:39]} 19. Bf2
{[%clk 00:55:29]} {[%emt 00:00:30]} Nd8 {[%clk 00:59:26]} {[%emt 00:08:03]} 20.
c5 {[%clk 00:38:32]} {[%emt 00:17:28]} Nf7 {[%clk 00:50:52]} {[%emt 00:09:03]}
21. Nd3 {[%clk 00:36:13]} {[%emt 00:02:49]} Bd7 {[%clk 00:47:27]} {[%emt
00:03:56]} 22. Kb1 {[%clk 00:35:48]} {[%emt 00:00:55]} Rfc8 {[%clk 00:43:20]}
{[%emt 00:04:36]} 23. Rc1 {[%clk 00:35:13]} {[%emt 00:01:06]} Qg5 {[%clk
00:42:33]} {[%emt 00:01:16]} 24. b3 {[%clk 00:29:49]} {[%emt 00:05:55]} Bf8
{[%clk 00:37:47]} {[%emt 00:05:16]} 25. cxd6 {[%clk 00:29:11]} {[%emt
00:01:07]} cxd6 {[%clk 00:35:48]} {[%emt 00:02:30]} 26. Bb6 {[%clk 00:28:27]}
{[%emt 00:01:14]} Be7 {[%clk 00:33:28]} {[%emt 00:02:50]} 27. Nb2 {[%clk
00:25:58]} {[%emt 00:02:59]} Bd8 {[%clk 00:32:00]} {[%emt 00:01:58]} 28. h4
{[%clk 00:14:04]} {[%emt 00:12:24]} Qe7 {[%clk 00:30:14]} {[%emt 00:02:15]} 29.
Bf2 {[%clk 00:14:12]} {[%emt 00:00:23]} Qe8 {[%clk 00:27:25]} {[%emt 00:03:18]}
30. a4 {[%clk 00:14:29]} {[%emt 00:00:14]} Rab8 {[%clk 00:26:55]} {[%emt
00:00:59]} 31. Nb5 {[%clk 00:13:59]} {[%emt 00:01:01]} Bxb5 {[%clk 00:23:36]}
{[%emt 00:03:49]} 32. Qxb5 {[%clk 00:13:30]} {[%emt 00:00:59]} Qxb5 {[%clk
00:23:32]} {[%emt 00:00:34]} 33. axb5 {[%clk 00:13:58]} {[%emt 00:00:02]} Kf8
{[%clk 00:15:34]} {[%emt 00:08:27]} 34. b6 {[%clk 00:10:35]} {[%emt 00:03:54]}
Ke7 {[%clk 00:12:53]} {[%emt 00:03:10]} 35. Ka2 {[%clk 00:08:06]} {[%emt
00:03:01]} Kd7 {[%clk 00:10:21]} {[%emt 00:03:01]} 36. Nc4 {[%clk 00:07:38]}
{[%emt 00:00:57]} Ra8 {[%clk 00:09:33]} {[%emt 00:01:18]} 37. Ka3 {[%clk
00:07:55]} {[%emt 00:00:15]} Ra6 {[%clk 00:08:29]} {[%emt 00:01:33]} 38. Ka4
{[%clk 00:07:46]} {[%emt 00:00:39]} Rca8 {[%clk 00:07:18]} {[%emt 00:01:41]}
39. Rc2 {[%clk 00:07:40]} {[%emt 00:00:37]} h6 {[%clk 00:05:14]} {[%emt
00:02:34]} 40. Rhc1 {[%clk 00:07:52]} {[%emt 00:00:17]} h5 {[%clk 00:03:57]}
{[%emt 00:01:47]} 41. Kb5 {[%clk 00:06:00]} {[%emt 00:02:23]} a4 {[%clk
00:01:29]} {[%emt 00:02:57]} 42. b4 {[%clk 00:06:20]} {[%emt 00:00:10]} a3
{[%clk 00:28:56]} {[%emt 00:03:02]} 43. Na5 {[%clk 00:36:28]} {[%emt 00:00:23]}
a2 {[%clk 00:26:24]} {[%emt 00:03:03]} 44. Rxa2 {[%clk 00:36:29]} {[%emt
00:00:29]} Rc8 {[%clk 00:26:20]} {[%emt 00:00:33]} 45. Rxc8 {[%clk 00:35:45]}
{[%emt 00:01:15]} Kxc8 {[%clk 00:26:44]} {[%emt 00:00:05]} 46. Rc2+ {[%clk
00:36:11]} {[%emt 00:00:05]} Kb8 {[%clk 00:26:38]} {[%emt 00:00:35]} 47. Nc6+
{[%clk 00:36:33]} {[%emt 00:00:08]} Kc8 {[%clk 00:25:22]} {[%emt 00:01:46]} 48.
Nxe5+ {[%clk 00:36:57]} {[%emt 00:00:06]} 1-0

[Event "Deutsche Ländermeisterschaft 2025"]
[Site "Oer-Erkenschwick GER"]
[Date "2025.10.03"]
[Round "5"]
[White "Wettstein, Levin"]
[Black "Bohatyrova, Mariia"]
[Result "1/2-1/2"]
[Termination "normal"]
[Board "4.7"]
[WhiteElo "1831"]
[BlackElo "1793"]
[WhiteClock "00:28:20"]
[BlackClock "00:12:10"]
[WhiteTeam "Baden"]
[BlackTeam "Nordrhein-Westfalen 2"]
[PlyCount "115"]
[WhiteFideId "34635866"]
[BlackFideId "34165789"]
[EventCountry "GER"]
[EventRounds "7"]
[EventType "team-swiss"]
[EventDate "2025.09.30"]

1. e4 {[%clk 01:30:57]} {[%emt 00:00:02]} e5 {[%clk 01:30:44]} {[%emt
00:00:17]} 2. Nf3 {[%clk 01:31:21]} {[%emt 00:00:06]} Nf6 {[%clk 01:30:46]}
{[%emt 00:00:28]} 3. Nc3 {[%clk 01:31:41]} {[%emt 00:00:09]} Bb4 {[%clk
01:31:06]} {[%emt 00:00:10]} 4. Bc4 {[%clk 01:28:40]} {[%emt 00:03:31]} Nc6
{[%clk 01:27:28]} {[%emt 00:04:08]} 5. O-O {[%clk 01:27:51]} {[%emt 00:01:20]}
O-O {[%clk 01:26:21]} {[%emt 00:01:37]} 6. d3 {[%clk 01:26:22]} {[%emt
00:01:59]} Bxc3 {[%clk 01:19:53]} {[%emt 00:06:58]} 7. bxc3 {[%clk 01:26:40]}
{[%emt 00:00:12]} d5 {[%clk 01:18:51]} {[%emt 00:01:31]} 8. exd5 {[%clk
01:23:16]} {[%emt 00:03:56]} Nxd5 {[%clk 01:19:05]} {[%emt 00:00:16]} 9. Bd2
{[%clk 01:19:37]} {[%emt 00:04:09]} Re8 {[%clk 01:10:57]} {[%emt 00:08:36]} 10.
Ng5 {[%clk 01:16:43]} {[%emt 00:03:25]} Be6 {[%clk 00:53:59]} {[%emt 00:17:26]}
11. Nxe6 {[%clk 01:13:07]} {[%emt 00:04:09]} Rxe6 {[%clk 00:53:37]} {[%emt
00:00:51]} 12. Qf3 {[%clk 01:10:53]} {[%emt 00:02:44]} Rd6 {[%clk 00:50:02]}
{[%emt 00:04:04]} 13. Qh5 {[%clk 01:02:45]} {[%emt 00:08:40]} Qd7 {[%clk
00:45:57]} {[%emt 00:04:34]} 14. Bb3 {[%clk 00:57:04]} {[%emt 00:06:11]} Nf6
{[%clk 00:42:58]} {[%emt 00:03:28]} 15. Qh4 {[%clk 00:53:48]} {[%emt 00:03:47]}
Ne7 {[%clk 00:31:23]} {[%emt 00:12:04]} 16. Qg3 {[%clk 00:43:59]} {[%emt
00:10:20]} Ng6 {[%clk 00:29:37]} {[%emt 00:02:16]} 17. Be3 {[%clk 00:40:35]}
{[%emt 00:03:54]} Qc6 {[%clk 00:16:33]} {[%emt 00:13:33]} 18. c4 {[%clk
00:35:30]} {[%emt 00:05:37]} Nh5 {[%clk 00:13:40]} {[%emt 00:03:22]} 19. Qg4
{[%clk 00:26:00]} {[%emt 00:10:01]} Ngf4 {[%clk 00:12:45]} {[%emt 00:01:23]}
20. Qf3 {[%clk 00:22:18]} {[%emt 00:04:14]} Qxf3 {[%clk 00:09:53]} {[%emt
00:03:22]} 21. gxf3 {[%clk 00:22:38]} {[%emt 00:00:09]} Ne2+ {[%clk 00:09:19]}
{[%emt 00:01:04]} 22. Kh1 {[%clk 00:22:45]} {[%emt 00:00:24]} Nd4 {[%clk
00:08:10]} {[%emt 00:01:36]} 23. Bxd4 {[%clk 00:21:49]} {[%emt 00:01:30]} Rxd4
{[%clk 00:07:56]} {[%emt 00:00:44]} 24. Rfe1 {[%clk 00:21:33]} {[%emt
00:00:45]} Re8 {[%clk 00:07:33]} {[%emt 00:00:52]} 25. c5 {[%clk 00:20:19]}
{[%emt 00:01:44]} g6 {[%clk 00:05:43]} {[%emt 00:02:21]} 26. Re3 {[%clk
00:19:00]} {[%emt 00:01:49]} Kg7 {[%clk 00:05:15]} {[%emt 00:00:58]} 27. Rae1
{[%clk 00:18:33]} {[%emt 00:00:57]} f6 {[%clk 00:05:11]} {[%emt 00:00:35]} 28.
c3 {[%clk 00:17:24]} {[%emt 00:01:38]} Rd7 {[%clk 00:03:40]} {[%emt 00:01:56]}
29. Ba4 {[%clk 00:16:28]} {[%emt 00:01:31]} c6 {[%clk 00:03:35]} {[%emt
00:00:35]} 30. d4 {[%clk 00:16:08]} {[%emt 00:00:50]} Rde7 {[%clk 00:00:58]}
{[%emt 00:03:07]} 31. d5 {[%clk 00:15:05]} {[%emt 00:01:34]} Rc7 {[%clk
00:00:38]} {[%emt 00:00:49]} 32. d6 {[%clk 00:14:25]} {[%emt 00:01:11]} Rd7
{[%clk 00:01:01]} {[%emt 00:00:06]} 33. Re4 {[%clk 00:13:51]} {[%emt 00:01:04]}
Red8 {[%clk 00:00:43]} {[%emt 00:00:48]} 34. Bb3 {[%clk 00:12:50]} {[%emt
00:01:32]} Nf4 {[%emt 00:00:40]} 35. Rd1 {[%clk 00:04:51]} {[%emt 00:08:26]} b6
{[%clk 00:00:44]} {[%emt 00:00:21]} 36. h4 {[%clk 00:02:14]} {[%emt 00:03:07]}
bxc5 {[%clk 00:01:03]} {[%emt 00:00:12]} 37. Ra4 {[%clk 00:02:16]} {[%emt
00:00:28]} Rxd6 {[%clk 00:00:38]} {[%emt 00:00:55]} 38. Rxa7+ {[%clk 00:02:31]}
{[%emt 00:00:15]} Kh8 {[%clk 00:00:34]} {[%emt 00:00:34]} 39. Rxd6 {[%clk
00:01:29]} {[%emt 00:01:32]} Rxd6 {[%clk 00:01:00]} {[%emt 00:00:04]} 40. Ra8+
{[%clk 00:01:41]} {[%emt 00:00:19]} Kg7 {[%clk 00:01:22]} {[%emt 00:00:08]} 41.
Ra7+ {[%clk 00:01:30]} {[%emt 00:00:41]} Kh8 {[%clk 00:01:08]} {[%emt
00:00:43]} 42. a4 {[%clk 00:01:41]} {[%emt 00:00:19]} Rd3 {[%clk 00:27:14]}
{[%emt 00:04:22]} 43. a5 {[%clk 00:30:34]} {[%emt 00:01:40]} Rxc3 {[%clk
00:24:48]} {[%emt 00:02:56]} 44. a6 {[%clk 00:29:57]} {[%emt 00:01:07]} Rxb3
{[%clk 00:22:23]} {[%emt 00:02:55]} 45. Rb7 {[%clk 00:30:18]} {[%emt 00:00:08]}
Ra3 {[%clk 00:21:05]} {[%emt 00:01:48]} 46. a7 {[%clk 00:30:26]} {[%emt
00:00:21]} c4 {[%clk 00:19:17]} {[%emt 00:02:19]} 47. Rb8+ {[%clk 00:30:40]}
{[%emt 00:00:16]} Kg7 {[%clk 00:19:40]} {[%emt 00:00:06]} 48. a8=Q {[%clk
00:30:59]} {[%emt 00:00:11]} Rxa8 {[%clk 00:20:04]} {[%emt 00:00:07]} 49. Rxa8
{[%clk 00:31:18]} {[%emt 00:00:10]} c3 {[%clk 00:18:04]} {[%emt 00:02:30]} 50.
Rc8 {[%clk 00:30:55]} {[%emt 00:00:53]} Kf7 {[%clk 00:16:29]} {[%emt 00:02:06]}
51. Rxc6 {[%clk 00:31:13]} {[%emt 00:00:14]} Nd5 {[%clk 00:14:34]} {[%emt
00:02:22]} 52. Kg1 {[%clk 00:30:36]} {[%emt 00:01:07]} h5 {[%clk 00:13:09]}
{[%emt 00:01:56]} 53. Kf1 {[%clk 00:29:30]} {[%emt 00:01:35]} g5 {[%clk
00:12:36]} {[%emt 00:01:03]} 54. hxg5 {[%clk 00:28:01]} {[%emt 00:02:00]} fxg5
{[%clk 00:13:02]} {[%emt 00:00:04]} 55. Rc5 {[%clk 00:28:03]} {[%emt 00:00:28]}
Ke6 {[%clk 00:12:42]} {[%emt 00:00:49]} 56. Rc6+ {[%clk 00:27:57]} {[%emt
00:00:36]} Kd7 {[%clk 00:12:29]} {[%emt 00:00:41]} 57. Rc5 {[%clk 00:28:06]}
{[%emt 00:00:23]} Kd6 {[%clk 00:12:10]} {[%emt 00:00:49]} 58. Rc4 {[%clk
00:28:20]} {[%emt 00:00:16]} 1/2-1/2

[Event "Deutsche Ländermeisterschaft 2025"]
[Site "Oer-Erkenschwick GER"]
[Date "2025.10.03"]
[Round "5"]
[White "Göb, Franziska"]
[Black "Kübart, Ela Marie"]
[Result "1/2-1/2"]
[Termination "normal"]
[Board "4.8"]
[WhiteElo "1683"]
[BlackElo "1628"]
[WhiteClock "00:10:07"]
[BlackClock "01:01:22"]
[WhiteTeam "Nordrhein-Westfalen 2"]
[BlackTeam "Baden"]
[PlyCount "54"]
[WhiteFideId "16293177"]
[BlackFideId "34633723"]
[EventCountry "GER"]
[EventRounds "7"]
[EventType "team-swiss"]
[EventDate "2025.09.30"]

1. e4 {[%clk 01:30:58]} e6 {[%clk 01:30:56]} {[%emt 00:00:05]} 2. d4 {[%clk
01:31:25]} {[%emt 00:00:04]} d5 {[%clk 01:31:23]} {[%emt 00:00:03]} 3. Nd2
{[%clk 01:31:51]} {[%emt 00:00:04]} dxe4 {[%clk 01:31:45]} {[%emt 00:00:08]} 4.
Nxe4 {[%clk 01:32:16]} {[%emt 00:00:04]} Nd7 {[%clk 01:32:09]} {[%emt
00:00:06]} 5. c3 {[%clk 01:32:41]} {[%emt 00:00:05]} Ngf6 {[%clk 01:31:47]}
{[%emt 00:00:52]} 6. Nxf6+ {[%clk 01:33:05]} {[%emt 00:00:06]} Nxf6 {[%clk
01:31:48]} {[%emt 00:00:30]} 7. Nf3 {[%clk 01:33:28]} {[%emt 00:00:06]} Be7
{[%clk 01:29:54]} {[%emt 00:02:24]} 8. Bd3 {[%clk 01:31:19]} {[%emt 00:02:39]}
O-O {[%clk 01:29:20]} {[%emt 00:01:04]} 9. Qe2 {[%clk 01:28:49]} {[%emt
00:03:00]} c5 {[%clk 01:29:06]} {[%emt 00:00:44]} 10. dxc5 {[%clk 01:26:28]}
{[%emt 00:02:51]} Bxc5 {[%clk 01:29:01]} {[%emt 00:00:36]} 11. O-O {[%clk
01:24:37]} {[%emt 00:02:20]} b6 {[%clk 01:26:33]} {[%emt 00:02:58]} 12. Bg5
{[%clk 01:21:12]} {[%emt 00:03:54]} Bb7 {[%clk 01:26:16]} {[%emt 00:00:47]} 13.
Rad1 {[%clk 01:18:27]} {[%emt 00:03:15]} Qc7 {[%clk 01:20:47]} {[%emt
00:05:58]} 14. Bxf6 {[%clk 01:06:38]} {[%emt 00:12:19]} gxf6 {[%clk 01:21:15]}
{[%emt 00:00:02]} 15. Nh4 {[%clk 00:52:44]} {[%emt 00:14:23]} f5 {[%clk
01:20:29]} {[%emt 00:01:17]} 16. Qh5 {[%clk 00:38:38]} {[%emt 00:14:36]} Kh8
{[%clk 01:17:28]} {[%emt 00:03:22]} 17. Qg5 {[%clk 00:29:54]} {[%emt 00:09:22]}
Be7 {[%clk 01:13:54]} {[%emt 00:04:05]} 18. Qh6 {[%clk 00:22:14]} {[%emt
00:08:10]} Rg8 {[%clk 01:12:36]} {[%emt 00:01:47]} 19. f3 {[%clk 00:19:09]}
{[%emt 00:03:36]} Rg7 {[%clk 01:09:51]} {[%emt 00:03:08]} 20. Bb5 {[%clk
00:13:41]} {[%emt 00:06:05]} Qc5+ {[%clk 01:09:32]} {[%emt 00:00:49]} 21. Kh1
{[%clk 00:13:42]} {[%emt 00:00:29]} Qxb5 {[%clk 01:09:29]} {[%emt 00:00:33]}
22. Rf2 {[%clk 00:12:54]} {[%emt 00:01:17]} Bd5 {[%clk 01:07:59]} {[%emt
00:02:01]} 23. b3 {[%clk 00:12:59]} {[%emt 00:00:25]} Qc5 {[%clk 01:07:03]}
{[%emt 00:01:22]} 24. Rc2 {[%clk 00:11:40]} {[%emt 00:01:53]} Qc6 {[%clk
01:05:39]} {[%emt 00:01:51]} 25. c4 {[%clk 00:11:15]} {[%emt 00:00:59]} Bxh4
{[%clk 01:05:28]} {[%emt 00:00:40]} 26. Qxh4 {[%clk 00:10:39]} {[%emt
00:01:05]} Qc7 {[%clk 01:01:22]} {[%emt 00:04:31]} 27. Rcd2 {[%clk 00:10:07]}
{[%emt 00:01:07]} Rd8 {[%emt 00:09:40]} 1/2-1/2

[Event "Deutsche Ländermeisterschaft 2025"]
[Site "Oer-Erkenschwick GER"]
[Date "2025.10.03"]
[Round "5"]
[White "Haack, Kevin"]
[Black "Sauer, Tim"]
[Result "1/2-1/2"]
[Termination "normal"]
[Board "5.1"]
[WhiteTitle "FM"]
[BlackTitle "CM"]
[WhiteElo "2380"]
[BlackElo "2234"]
[WhiteClock "00:04:57"]
[BlackClock "00:01:03"]
[WhiteTeam "Hessen"]
[BlackTeam "Niedersachsen"]
[PlyCount "81"]
[WhiteFideId "16228715"]
[BlackFideId "16265726"]
[EventCountry "GER"]
[EventRounds "7"]
[EventType "team-swiss"]
[EventDate "2025.09.30"]

1. d4 {[%clk 01:30:51]} {[%emt 00:00:08]} d5 {[%clk 01:30:56]} {[%emt
00:00:05]} 2. c4 {[%clk 01:31:16]} {[%emt 00:00:04]} e6 {[%clk 01:31:24]}
{[%emt 00:00:03]} 3. Nf3 {[%clk 01:31:41]} {[%emt 00:00:05]} Nf6 {[%clk
01:31:50]} {[%emt 00:00:04]} 4. g3 {[%clk 01:32:06]} {[%emt 00:00:04]} c6
{[%clk 01:32:16]} {[%emt 00:00:04]} 5. Bg2 {[%clk 01:32:26]} {[%emt 00:00:10]}
Bb4+ {[%clk 01:32:38]} {[%emt 00:00:07]} 6. Bd2 {[%clk 01:32:18]} {[%emt
00:00:38]} Be7 {[%clk 01:32:59]} {[%emt 00:00:09]} 7. Qc2 {[%clk 01:32:24]}
{[%emt 00:00:25]} O-O {[%clk 01:32:40]} {[%emt 00:00:49]} 8. O-O {[%clk
01:32:50]} {[%emt 00:00:03]} b6 {[%clk 01:33:02]} {[%emt 00:00:08]} 9. Bf4
{[%clk 01:31:57]} {[%emt 00:01:23]} Bb7 {[%clk 01:32:09]} {[%emt 00:01:24]} 10.
Rd1 {[%clk 01:30:45]} {[%emt 00:01:41]} Nbd7 {[%clk 01:31:13]} {[%emt
00:01:25]} 11. Nc3 {[%clk 01:30:47]} {[%emt 00:00:29]} dxc4 {[%clk 01:23:17]}
{[%emt 00:08:27]} 12. Nd2 {[%clk 01:31:04]} {[%emt 00:00:12]} Nd5 {[%clk
01:21:04]} {[%emt 00:02:44]} 13. Nxc4 {[%clk 01:31:30]} {[%emt 00:00:04]} Nxf4
{[%clk 01:19:44]} {[%emt 00:01:49]} 14. gxf4 {[%clk 01:31:57]} {[%emt
00:00:02]} Nf6 {[%clk 01:16:42]} {[%emt 00:03:32]} 15. e3 {[%clk 01:29:54]}
{[%emt 00:02:33]} Qc8 {[%clk 00:50:26]} {[%emt 00:26:46]} 16. Ne4 {[%clk
01:17:08]} {[%emt 00:13:16]} Nd5 {[%clk 00:24:40]} {[%emt 00:26:16]} 17. Rac1
{[%clk 01:04:27]} {[%emt 00:13:10]} Qc7 {[%clk 00:22:39]} {[%emt 00:02:31]} 18.
Ne5 {[%clk 01:01:00]} {[%emt 00:03:58]} Rac8 {[%clk 00:22:38]} {[%emt
00:00:32]} 19. a3 {[%clk 00:56:12]} {[%emt 00:05:17]} a5 {[%clk 00:20:54]}
{[%emt 00:02:13]} 20. Kh1 {[%clk 00:56:34]} {[%emt 00:00:09]} g6 {[%clk
00:21:05]} {[%emt 00:00:20]} 21. Ng5 {[%clk 00:51:17]} {[%emt 00:05:47]} Bxg5
{[%clk 00:18:32]} {[%emt 00:03:02]} 22. fxg5 {[%clk 00:51:22]} {[%emt
00:00:25]} Qe7 {[%clk 00:18:50]} {[%emt 00:00:12]} 23. Qb3 {[%clk 00:45:39]}
{[%emt 00:06:14]} c5 {[%clk 00:03:26]} {[%emt 00:15:53]} 24. dxc5 {[%clk
00:44:20]} {[%emt 00:01:48]} bxc5 {[%clk 00:02:39]} {[%emt 00:01:18]} 25. f4
{[%clk 00:34:51]} {[%emt 00:09:59]} a4 {[%clk 00:01:06]} {[%emt 00:02:03]} 26.
Qd3 {[%clk 00:32:59]} {[%emt 00:02:22]} Rfd8 {[%clk 00:01:02]} {[%emt
00:00:34]} 27. Qe2 {[%clk 00:32:33]} {[%emt 00:00:56]} Nb6 {[%clk 00:00:36]}
{[%emt 00:00:55]} 28. Ng4 {[%clk 00:32:28]} {[%emt 00:00:36]} Bxg2+ {[%clk
00:00:37]} {[%emt 00:00:30]} 29. Qxg2 {[%clk 00:32:56]} {[%emt 00:00:02]} Rxd1+
{[%clk 00:00:33]} {[%emt 00:00:33]} 30. Rxd1 {[%clk 00:33:24]} {[%emt
00:00:02]} Nd5 {[%clk 00:00:49]} {[%emt 00:00:14]} 31. Qe4 {[%clk 00:16:02]}
{[%emt 00:17:52]} Qb7 {[%clk 00:00:33]} {[%emt 00:00:46]} 32. Nf6+ {[%clk
00:13:31]} {[%emt 00:03:01]} Kg7 {[%emt 00:01:42]} 33. Nxd5 {[%clk 00:06:36]}
{[%emt 00:05:48]} exd5 {[%clk 00:01:23]} {[%emt 00:00:04]} 34. Qe5+ {[%clk
00:05:16]} {[%emt 00:01:51]} Kg8 {[%clk 00:01:31]} {[%emt 00:00:22]} 35. Kg1
{[%clk 00:05:42]} {[%emt 00:00:04]} d4 {[%clk 00:00:33]} {[%emt 00:01:28]} 36.
exd4 {[%clk 00:05:19]} {[%emt 00:00:53]} Qf3 {[%clk 00:00:33]} {[%emt
00:00:30]} 37. Rf1 {[%clk 00:03:44]} {[%emt 00:02:06]} Qg4+ {[%clk 00:00:55]}
{[%emt 00:00:07]} 38. Kh1 {[%clk 00:04:09]} {[%emt 00:00:05]} Qh3 {[%clk
00:00:34]} {[%emt 00:00:51]} 39. Kg1 {[%clk 00:04:30]} {[%emt 00:00:09]} Qg4+
{[%clk 00:01:00]} {[%emt 00:00:04]} 40. Kh1 {[%clk 00:04:57]} {[%emt 00:00:03]}
Qh3 {[%clk 00:01:03]} {[%emt 00:00:26]} 41. Rc1 {[%emt 00:15:03]} 1/2-1/2

[Event "Deutsche Ländermeisterschaft 2025"]
[Site "Oer-Erkenschwick GER"]
[Date "2025.10.03"]
[Round "5"]
[White "Sieber, Bert"]
[Black "Mester, Philipp"]
[Result "0-1"]
[Termination "normal"]
[Board "5.2"]
[WhiteElo "2177"]
[BlackElo "2246"]
[WhiteClock "00:07:02"]
[BlackClock "00:29:49"]
[WhiteTeam "Niedersachsen"]
[BlackTeam "Hessen"]
[PlyCount "46"]
[WhiteFideId "16265971"]
[BlackFideId "34624902"]
[EventCountry "GER"]
[EventRounds "7"]
[EventType "team-swiss"]
[EventDate "2025.09.30"]

1. d4 {[%clk 01:30:59]} {[%emt 00:00:01]} f5 {[%clk 01:30:36]} {[%emt
00:00:24]} 2. Bg5 {[%clk 01:30:58]} {[%emt 00:00:30]} g6 {[%clk 01:31:01]}
{[%emt 00:00:06]} 3. Nc3 {[%clk 01:30:50]} {[%emt 00:00:38]} Bg7 {[%clk
01:31:25]} {[%emt 00:00:06]} 4. e3 {[%clk 01:30:51]} {[%emt 00:00:29]} d6
{[%clk 01:31:32]} {[%emt 00:00:23]} 5. h4 {[%clk 01:30:41]} {[%emt 00:00:39]}
Nd7 {[%clk 01:25:48]} {[%emt 00:06:14]} 6. h5 {[%clk 01:23:07]} {[%emt
00:08:04]} h6 {[%clk 01:24:56]} {[%emt 00:01:23]} 7. hxg6 {[%clk 01:00:56]}
{[%emt 00:22:41]} hxg5 {[%clk 01:23:34]} {[%emt 00:01:51]} 8. Rxh8 {[%clk
01:00:47]} {[%emt 00:00:40]} Bxh8 {[%clk 01:23:58]} {[%emt 00:00:06]} 9. Bc4
{[%clk 00:51:38]} {[%emt 00:09:38]} Ndf6 {[%clk 01:03:05]} {[%emt 00:21:23]}
10. Bf7+ {[%clk 00:50:19]} {[%emt 00:01:50]} Kf8 {[%clk 01:02:13]} {[%emt
00:01:22]} 11. Nh3 {[%clk 00:50:12]} {[%emt 00:00:38]} g4 {[%clk 01:01:07]}
{[%emt 00:01:36]} 12. Ng5 {[%clk 00:48:21]} {[%emt 00:02:21]} Nh6 {[%clk
00:59:26]} {[%emt 00:02:11]} 13. f4 {[%clk 00:32:11]} {[%emt 00:16:40]} Bd7
{[%clk 00:52:26]} {[%emt 00:07:29]} 14. d5 {[%clk 00:25:50]} {[%emt 00:06:51]}
c6 {[%clk 00:49:47]} {[%emt 00:03:09]} 15. Qd3 {[%clk 00:20:44]} {[%emt
00:05:36]} Qa5 {[%clk 00:44:42]} {[%emt 00:05:34]} 16. O-O-O {[%clk 00:18:46]}
{[%emt 00:02:28]} cxd5 {[%clk 00:40:23]} {[%emt 00:04:50]} 17. Rh1 {[%clk
00:12:39]} {[%emt 00:06:36]} Nxf7 {[%clk 00:37:26]} {[%emt 00:03:28]} 18. Nxf7
{[%clk 00:11:49]} {[%emt 00:01:19]} Bg7 {[%clk 00:37:31]} {[%emt 00:00:24]} 19.
Rh2 {[%clk 00:08:20]} {[%emt 00:04:00]} Qc5 {[%clk 00:33:09]} {[%emt 00:04:52]}
20. Qf1 {[%clk 00:07:22]} {[%emt 00:01:21]} Be8 {[%clk 00:31:31]} {[%emt
00:02:14]} 21. Ng5 {[%clk 00:06:33]} {[%emt 00:01:19]} Qxe3+ {[%clk 00:31:55]}
{[%emt 00:00:07]} 22. Kb1 {[%clk 00:06:57]} {[%emt 00:00:06]} Bxg6 {[%clk
00:31:38]} {[%emt 00:00:47]} 23. Qh1 {[%clk 00:07:02]} {[%emt 00:00:25]} Kg8
{[%clk 00:29:49]} {[%emt 00:02:19]} 0-1